| 000 | 00677nam a22001575i 4500 | ||
|---|---|---|---|
| 001 | 158489 | ||
| 003 | ES-MaACL | ||
| 005 | 20230906211152.0 | ||
| 008 | 990412s1877 po |||| | por d | ||
| 040 |
_aCAM _bspa _cCAM |
||
| 100 | 1 |
_aMagalhaes Lima, S. de. _9129336 |
|
| 245 | 1 | 0 |
_aCostumes madrilenos _b: notes de un viajante / _cpor S. de Magalhaes Lima. |
| 260 |
_aCoimbra : _blivraria Central de jose diogo Pires, _c1877. |
||
| 300 |
_a188 p. ; _c19 cm. |
||
| 852 |
_aES-MaACL _zT-710-F-2 _z-- Enc. hol., conservando la cub. original _z-- An. ms.: ded. del autor al Ateneo de Madrid _z-- Enc. en un vol. facticio _x-- Edic.: aƱadir T650 Madrid-Usos y costumbres-S. \RXIX\R |
||
| 999 |
_c158489 _d158489 |
||